| 000 | 00493nam a22002057a 4500 | ||
|---|---|---|---|
| 003 | Nust | ||
| 005 | 20210924111703.0 | ||
| 008 | 170117b xxu||||| |||| 00| 0 eng d | ||
| 020 | _a8189757466 | ||
| 038 | _akhadija | ||
| 040 | _cC | ||
| 082 |
_a610.28 _bPAN |
||
| 100 |
_aPandey _982704 |
||
| 245 |
_aBio-Medical Electronics and Instrumentation / _cPandey |
||
| 260 |
_aNew Dehli: _bS.K Kataria; _c2010. |
||
| 300 | _a380 p.; | ||
| 500 | _apaperback. | ||
| 563 | _aPB | ||
| 942 |
_cBK _2ddc |
||
| 999 |
_c32076 _d32076 |
||